Fußball: Wie heißt der Verein aus dieser deutschen Stadt? - Statistiken

Allgemein
  • Dieses Quiz wurde 1.175 mal gespielt
  • Das Durchschnittsergebnis liegt bei 14 aus 15
Antwortstatistiken
Frage Antwort % Korrekt
Kiel Holstein
99%
Bremen Werder
99%
Aue Erzgebirge
98%
Düsseldorf Fortuna
98%
Aschaffenburg Viktoria
98%
Cottbus Energie
97%
Münster Preußen
97%
Aachen Alemannia
96%
Jena Carl Zeiss
95%
Oberhausen Rot-Weiß
95%
Siegen Sportfreunde
94%
Großaspach Sonnenhof
93%
Burghausen Wacker
92%
Delmenhorst Atlas
71%
Worms Wormatia
56%
Keine übereinstimmenden Quizze gefunden
Verteilung der Resultate
Anzahl Personen mit jedem Resultat
Perzentil nach korrekt beantworteten Fragen
Ihre Resultats-Entwicklung
Sie haben dieses Quiz noch nicht gespielt